Shark vs. train / (Record no. 199726)
[ view plain ]
| 000 -LEADER | |
|---|---|
| fixed length control field | 01499nam a2200373 i 4500 |
| 001 - CONTROL NUMBER | |
| control field | 2015012518 |
| 005 - DATE AND TIME OF LATEST TRANSACTION | |
| control field | 20241220163549.0 |
| 008 - FIXED-LENGTH DATA ELEMENTS--GENERAL INFORMATION | |
| fixed length control field | 150325r20152010nyua j 000 1 eng d |
| 010 ## - LIBRARY OF CONGRESS CONTROL NUMBER | |
| LC control number | bl2015012518 |
| 020 ## - INTERNATIONAL STANDARD BOOK NUMBER | |
| International Standard Book Number | 9780316378147 |
| 040 ## - CATALOGING SOURCE | |
| Original cataloging agency | NjBwBT |
| Language of cataloging | eng |
| Transcribing agency | NjBwBT |
| Modifying agency | COB |
| 092 ## - LOCALLY ASSIGNED DEWEY CALL NUMBER (OCLC) | |
| Feature heading | J1 |
| Classification number | Barton, |
| Item number | C. |
| 100 1# - MAIN ENTRY--PERSONAL NAME | |
| Personal name | Barton, Chris, |
| Relator term | author. |
| 9 (RLIN) | 5701089 |
| 245 10 - TITLE STATEMENT | |
| Title | Shark vs. train / |
| Statement of responsibility, etc | by Chris Barton & illustrations by Tom Lichtenheld. |
| 246 3# - VARYING FORM OF TITLE | |
| Title proper/short title | Shark versus train. |
| 250 ## - EDITION STATEMENT | |
| Edition statement | First board book edition. |
| 264 #1 - Publisher, distributor, etc. | |
| Place of production, publication, distribution, manufacture | New York : |
| Name of producer, publisher, distributor, manufacturer | LB Kids, |
| Date of production, publication, distribution, manufacture, or copyright notice | 2010 |
| 300 ## - PHYSICAL DESCRIPTION | |
| Extent | 1 volume (unpaged) : |
| Other physical details | color illustrations ; |
| Dimensions | 18 cm. |
| 336 ## - CONTENT TYPE | |
| Content type term | text |
| 336 ## - CONTENT TYPE | |
| Content type term | still image |
| 337 ## - MEDIA TYPE | |
| Media type term | unmediated |
| 338 ## - CARRIER TYPE | |
| Carrier type term | volume |
| 500 ## - GENERAL NOTE | |
| General note | Cover title. |
| 520 ## - SUMMARY, ETC. | |
| Summary, etc | A shark and a train compete in a series of contests on a seesaw, in hot air balloons, bowling, shooting baskets, playing hide-and-seek, and more. |
| 650 #0 - SUBJECT ADDED ENTRY--TOPICAL TERM | |
| Topical term or geographic name as entry element | Board books. |
| 9 (RLIN) | 99978 |
| 650 #0 - SUBJECT ADDED ENTRY--TOPICAL TERM | |
| Topical term or geographic name as entry element | Competition (Psychology) |
| Form subdivision | Juvenile fiction. |
| 9 (RLIN) | 5687473 |
| 650 #0 - SUBJECT ADDED ENTRY--TOPICAL TERM | |
| Topical term or geographic name as entry element | Sharks |
| Form subdivision | Juvenile fiction. |
| 9 (RLIN) | 5679222 |
| 650 #0 - SUBJECT ADDED ENTRY--TOPICAL TERM | |
| Topical term or geographic name as entry element | Railroad trains |
| Form subdivision | Juvenile fiction. |
| 9 (RLIN) | 5687474 |
| 650 #0 - SUBJECT ADDED ENTRY--TOPICAL TERM | |
| Topical term or geographic name as entry element | Play |
| Form subdivision | Juvenile fiction. |
| 9 (RLIN) | 5674595 |
| 700 1# - ADDED ENTRY--PERSONAL NAME | |
| Personal name | Lichtenheld, Tom, |
| Relator term | illustrator. |
| 9 (RLIN) | 48512 |
| 775 08 - OTHER EDITION ENTRY | |
| Display text | Reproduction of (manifestation): |
| Main entry heading | Barton, Chris. |
| Title | Shark vs. train |
| Place, publisher, and date of publication | New York : Little, Brown, 2010 |
| Record control number | (DLC) 2009017961. |
| 907 ## - LOCAL DATA ELEMENT G, LDG (RLIN) | |
| a | .b333380812 |
| 942 ## - ADDED ENTRY ELEMENTS (KOHA) | |
| Source of classification or shelving scheme | Dewey Decimal Classification |
| Item type | BOOK |
| Withdrawn status | Lost status | Source of classification or shelving scheme | Damaged status | Not for loan | Collection code | Home library | Current library | Shelving location | Date acquired | Source of acquisition | Total Checkouts | Total Renewals | Full call number | Barcode | Date last seen | Date last borrowed | Cost, replacement price | Price effective from | Koha item type |
|---|---|---|---|---|---|---|---|---|---|---|---|---|---|---|---|---|---|---|---|
| Dewey Decimal Classification | Children Picture Books | Wasatch County Library | Wasatch County Library | Main Floor Childrens Area | 07/20/2023 | Amazon | 21 | 17 | E Barton | 34301002034272 | 02/27/2026 | 01/02/2026 | 18.99 | 07/20/2023 | BOOK |
